000 00799nam a2200241Ia 4500
003 OSt
005 20220923220645.0
006 a|||||r|||| 00| 0
007 ta
008 220922b |||||||| |||| 00| 0 hin d
024 _a188,680
037 _cTextual
040 _aARTS
_cARTS
_bhin
041 _2hin
_ahin
082 _aO152,2M50:g, M8
100 _aसिंह, सत्येन्द कुमार
245 0 _aभारतेन्दु के प्रमुख नाटक
246 _aBhāratendu ke pramukh nāṭaka
260 _aकानपुर
_b अतुल प्रकाशन
_c1988
300 _a94 पृ.
_ccm.
942 _hO152,2M50:g, M8
_cTEXL
_2CC
999 _c341574
_d341574